[Event "ch-ITA w"]
[Site "Fiuggi ITA"]
[Date "2007.07.20"]
[Round "3"]
[White "Tonel,G"]
[Black "Messina,R"]
[Result "1-0"]
[WhiteElo "1934"]
[BlackElo "1859"]

1.e4 d5 2.exd5 Qxd5 3.Nc3 Qd6 4.Nf3 Nf6 5.h3 a6 6.d4 e6 7.a4 b6 8.Be2 Bb7
9.O-O Be7 10.Ng5 Nc6 11.Be3 O-O 12.Bf3 Rad8 13.Nce4 Nxe4 14.Nxe4 Qd7 15.Ng3 a5
16.c3 Ba6 17.Re1 Bh4 18.Bxc6 Qxc6 19.Qg4 Bf6 20.Nh5 e5 21.Bh6 Qe6 22.Qg3 Qf5
23.Bxg7 Qxh5 24.Bxf6+ Qg6 25.Rxe5 Qxg3 26.fxg3 h6 27.Bxd8 Rxd8 28.Rae1 Kg7
29.b3 Bd3 30.R1e3 Bc2 31.Rb5 Rd6 32.Kf2 Rc6 33.Ke2 Rf6 34.Kd2 Bg6 35.Rbe5 Rd6
36.d5 c6 37.c4 c5 38.Re7 Rf6 39.Re2 Bf5 40.Rf2 Bxh3 41.Rxf6 Kxf6 42.Rxf7+ Kxf7
43.gxh3 Kf6 44.Ke3 Ke5 45.g4 Kf6 46.Kf4 Kg7 47.Kf5 Kf7 48.h4  1-0

[Event "29th Politiken Cup"]
[Site "Copenhagen DEN"]
[Date "2007.07.21"]
[Round "1"]
[White "Thorhallsson,T"]
[Black "Koskinen,V"]
[Result "1-0"]
[WhiteElo "2461"]
[BlackElo "1977"]

1.e4 d5 2.exd5 Qxd5 3.Nc3 Qd6 4.d4 Nf6 5.Nf3 a6 6.Be2 Bg4 7.h3 Bh5 8.g4 Bg6
9.Ne5 Nd5 10.Bf3 c6 11.h4 Nxc3 12.bxc3 h6 13.Rb1 Ra7 14.Bf4 Bh7 15.O-O Qd8
16.d5 f6 17.Nxc6 Nxc6 18.dxc6 Qxd1 19.Rfxd1  1-0

[Event "Najdorf Mem GpA"]
[Site "Grodzisk Mazowiecki POL"]
[Date "2007.07.21"]
[Round "2"]
[White "Brzeski,M"]
[Black "Sergeev,Vl"]
[Result "0-1"]
[WhiteElo "2356"]
[BlackElo "2488"]

1.e4 d5 2.exd5 Qxd5 3.Nc3 Qd6 4.d4 Nf6 5.Nf3 a6 6.g3 c6 7.Bg2 Bg4 8.Bf4 Qb4
9.O-O e6 10.Qd2 Nbd7 11.Rfe1 Be7 12.Bc7 Bd8 13.a3 Qe7 14.Qf4 Bxc7 15.Qxc7 Bxf3
16.Bxf3 Rb8 17.d5 cxd5 18.Nxd5 Nxd5 19.Bxd5 Qc5 20.Qxc5 Nxc5 21.b4 Na4 22.Bb3 Nc3
23.Re3 Rc8 24.a4 Ke7 25.Ra3 Nd1 26.Rd3 Rhd8 27.Rxd8 Rxd8 28.Bc4 Rd2 29.Rf3 Rxc2
30.Bb3 Rd2 31.Bc4 Nb2 32.Bf1 Nxa4 33.Ra3 b5 34.Rb3 Rb2 35.Rxb2 Nxb2 36.f4 Kd6
37.Kf2 Nd1+ 38.Ke1 Nc3  0-1

[Event "Czech Open GMA"]
[Site "Pardubice CZE"]
[Date "2007.07.21"]
[Round "2"]
[White "Vovk,A"]
[Black "Aepfler,C"]
[Result "1-0"]
[WhiteElo "2504"]
[BlackElo "2282"]

1.e4 d5 2.exd5 Qxd5 3.Nc3 Qd6 4.d4 Nf6 5.h3 a6 6.g3 Nc6 7.Nf3 e5 8.dxe5 Qe6
9.Qe2 Nd7 10.Bf4 h6 11.h4 Nb6 12.Bg2 Bb4 13.O-O Bxc3 14.bxc3 Qc4 15.Qxc4 Nxc4
16.Nd4 Bd7 17.Rfe1 O-O-O 18.e6 fxe6 19.Nxe6 Bxe6 20.Rxe6 Rhe8 21.Rae1 Rxe6
22.Rxe6 Rd1+ 23.Kh2 Nd6 24.Rg6 Ne8 25.Bxc6 bxc6 26.Rxc6 Kb7 27.Re6 Nf6 28.Kg2 Nd5
29.Be5 Re1 30.f4 Re2+ 31.Kf3 Rxc2 32.Bxg7 Rxa2 33.f5 Rc2 34.Ke4 c6 35.f6 h5
36.f7  1-0

[Event "29th Politiken Cup"]
[Site "Copenhagen DEN"]
[Date "2007.07.22"]
[Round "2"]
[White "Blomstrom,L"]
[Black "Joensen,J"]
[Result "1-0"]
[WhiteElo "2197"]
[BlackElo "1656"]

1.e4 d5 2.exd5 Qxd5 3.Nc3 Qd6 4.d4 Nf6 5.Bc4 a6 6.Bb3 Nc6 7.Nge2 e5 8.Be3 Be7
9.h3 h6 10.dxe5 Nxe5 11.Nf4 g5 12.Nfd5 Bf5 13.Nxf6+ Qxf6 14.Nd5 Qd6 15.Nxe7 Qxe7
16.Qd5 c6 17.Qc5 Qxc5 18.Bxc5 O-O-O 19.O-O Rhe8 20.f4 Nd7 21.Bd4 gxf4 22.Rxf4 Be6
23.Bxe6 Rxe6 24.Rxf7 Ne5 25.Bxe5 Rxe5 26.Raf1 Rg5 27.Rf8 h5 28.R1f2 Kc7 29.Rxd8 Kxd8
30.Re2 Ra5 31.a3 Rg5 32.Kf2 Rb5 33.c3 Kd7 34.g4 hxg4 35.hxg4 Rg5 36.Kg3 a5
37.Kf4 Rd5 38.g5 Rd1 39.g6 Rf1+ 40.Kg5 Rg1+ 41.Kf6 Rf1+ 42.Kg7 Kd6 43.Kg8 Kd7
44.Rh2 Rg1 45.g7 Re1 46.Kh8  1-0

[Event "Sun Pawn Open"]
[Site "Ilichevsk UKR"]
[Date "2007.07.22"]
[Round "3"]
[White "Babiy,A"]
[Black "Miljutin,O"]
[Result "0-1"]
[WhiteElo "2452"]
[BlackElo "2167"]

1.e4 d5 2.exd5 Qxd5 3.Nc3 Qd6 4.d4 Nf6 5.h3 a6 6.Nf3 b5 7.a4 b4 8.Ne2 Bb7
9.Nf4 e6 10.c3 c5 11.Nd3 cxd4 12.Nxd4 bxc3 13.bxc3 Qc7 14.Bb2 Nbd7 15.Rc1 e5
16.Nf5 Rb8 17.c4 Be4 18.Nxg7+ Bxg7 19.Ba3 Bh6 20.Rb1 Qa5+ 21.Bb4 Rxb4 22.Rxb4 Bxd3
23.Qb3 Bf8 24.Bxd3 Nc5  0-1

[Event "Sun Pawn A"]
[Site "Ilichevsk UKR"]
[Date "2007.07.22"]
[Round "3"]
[White "Arutyunova,D"]
[Black "Zernyshkin,V"]
[Result "1-0"]
[WhiteElo "2255"]
[BlackElo "2159"]

1.e4 d5 2.exd5 Qxd5 3.Nc3 Qd8 4.d4 Nf6 5.Nf3 c6 6.Bc4 b5 7.Bb3 e6 8.O-O Be7
9.Ne5 a5 10.a3 Bb7 11.Re1 O-O 12.Qd3 Nbd7 13.Qg3 Kh8 14.Bg5 Nxe5 15.dxe5 Nd5
16.Bxe7 Nxe7 17.Ne4 Nf5 18.Qc3 Qb6 19.Qc5 Qc7 20.c3 Ba6 21.Rad1 b4 22.cxb4 axb4
23.axb4 Rab8 24.Nd6 Ne7 25.Ra1 Rb6 26.Rec1 Qb8 27.Nxf7+ Rxf7 28.Bxe6 Rf4
29.Qxe7 h6 30.Rd1 Rf8 31.Rd7  1-0

[Event "Czech Open GMA"]
[Site "Pardubice CZE"]
[Date "2007.07.22"]
[Round "3"]
[White "Sodoma,J"]
[Black "Hasangatin,R"]
[Result "0-1"]
[WhiteElo "2334"]
[BlackElo "2476"]

1.e4 d5 2.exd5 Qxd5 3.Nc3 Qd6 4.d4 c6 5.Nf3 Bg4 6.Be2 Nf6 7.h3 Bxf3 8.Bxf3 e6
9.O-O Nbd7 10.Ne4 Nxe4 11.Bxe4 Nf6 12.Bf3 Rd8 13.c3 Be7 14.Qb3 Qc7 15.Re1 O-O
16.Bg5 Nd5 17.Bxe7 Nxe7 18.a4 a5 19.Re5 Rd6 20.Rae1 Rfd8 21.Be4 Nd5 22.Bb1 Nf6
23.Qc4 Rd5 24.b4 axb4 25.Qxb4 c5 26.Qc4 Qb6 27.Rxd5 Rxd5 28.Rd1 cxd4 29.cxd4 Rd7
30.Ba2 Rc7 31.Qb3 Qxb3 32.Bxb3 Rc3 33.Rb1 g6 34.Kf1 Rd3 35.Bd1 Rxd4 36.Ke1 Ne4
37.Rxb7 Nc3 38.Bc2 Nxa4 39.Bxa4 Rxa4 40.Ke2 g5 41.Kf3 Rf4+ 42.Ke3 Kg7 43.Ra7 h5
44.Ra6 Rb4 45.Ra3 f5 46.Kf3 Kf6 47.g3 h4 48.Kg2 Ke5 49.Ra5+ Kf6 50.Ra3 Rd4
51.Ra8 Ke5 52.Rg8 hxg3 53.Kxg3 Rd3+ 54.Kg2 Kf4 55.Rh8 e5 56.h4 g4 57.h5 g3
58.fxg3+ Rxg3+ 59.Kf1 Rh3 60.h6 Kf3 61.Ke1 f4 62.h7 e4 63.Kd2 Rh2+ 64.Kc3 Ke3
65.Kc4 f3  0-1

[Event "OK Open"]
[Site "Stillwater USA"]
[Date "2007.07.22"]
[Round "5"]
[White "Rohonyan,K"]
[Black "Braunlich,T"]
[Result "1-0"]
[WhiteElo "2316"]
[BlackElo "2177"]

1.e4 d5 2.exd5 Qxd5 3.Nc3 Qd6 4.d4 Nf6 5.Nf3 a6 6.g3 Bf5 7.Bg2 Nc6 8.O-O O-O-O
9.d5 Nb4 10.Bf4 Qc5 11.Ne5 Bg6 12.Be3 Qd6 13.Nc4 Qd7 14.Qd4 Qg4 15.Qc5 e6
16.d6 Bxd6 17.Nxd6+ Rxd6 18.h3  1-0

[Event "Czech Open GMA"]
[Site "Pardubice CZE"]
[Date "2007.07.23"]
[Round "4"]
[White "Petr,Ma"]
[Black "Aepfler,C"]
[Result "0-1"]
[WhiteElo "2453"]
[BlackElo "2282"]

1.e4 d5 2.exd5 Qxd5 3.Nc3 Qd6 4.d4 Nf6 5.Nf3 a6 6.g3 Nc6 7.Bg2 Bg4 8.O-O O-O-O
9.h3 Bh5 10.d5 Nxd5 11.Nxd5 Qxd5 12.Qxd5 Rxd5 13.g4 Bg6 14.Be3 e6 15.Nh4 Rd7
16.Nxg6 hxg6 17.Rab1 Be7 18.Rfc1 Rhd8 19.Kf1 Nb4 20.a3 Nd5 21.Bd2 Nb6 22.Bb4 Bxb4
23.axb4 Nd5 24.c3 Nf4 25.Re1 Rd2 26.g5 Nd3 27.Re2 Rxe2 28.Kxe2 Nf4+ 29.Kf3 Nxg2
30.Kxg2 Rd2 31.Kf3 Rd3+ 32.Kg4 Kd7 33.h4 Ke7 34.f4 f5+ 35.gxf6+ gxf6 36.Rg1 Rd2
37.h5 gxh5+ 38.Kxh5 Rxb2 39.Rg7+ Kd6 40.Rf7 f5 41.Kg5 Rc2 42.Kf6 Rxc3  0-1

[Event "Sun Pawn Open"]
[Site "Ilichevsk UKR"]
[Date "2007.07.24"]
[Round "5"]
[White "Petrushko,E"]
[Black "Miljutin,O"]
[Result "1-0"]
[WhiteElo "2050"]
[BlackElo "2167"]

1.e4 d5 2.exd5 Qxd5 3.Nc3 Qd6 4.Bc4 Nf6 5.Nf3 a6 6.a4 Bg4 7.O-O e6 8.Be2 Be7
9.b3 c5 10.h3 Bh5 11.a5 Nc6 12.Bb2 O-O 13.Na4 Nxa5 14.Nxc5 Qxc5 15.Ba3 Qc7
16.Bxe7 Nxb3 17.Bxf6 Nxa1 18.Bxa1 Rac8 19.Bc3 f6 20.Qa1 e5 21.Qa4 Be8 22.Qa3 Kh8
23.Qxf8+  1-0

[Event "Open NK"]
[Site "Dieren NED"]
[Date "2007.07.26"]
[Round "3"]
[White "Timmermans,M"]
[Black "Stap,K"]
[Result "1-0"]
[WhiteElo "2007"]
[BlackElo "2110"]

1.e4 d5 2.exd5 Qxd5 3.Nc3 Qd6 4.Bc4 Nf6 5.d3 a6 6.a4 Nc6 7.Nge2 Bg4 8.f3 Bh5
9.O-O O-O-O 10.Kh1 e6 11.Qe1 h6 12.Nf4 g5 13.Ne4 Nxe4 14.Nxh5 Nc5 15.b4 Nd7
16.Bb2 Rg8 17.b5 Ncb8 18.Ng3 axb5 19.axb5 Bg7 20.d4 Nb6 21.Bb3 Rge8 22.Rd1 f5
23.c4 Qd7 24.Qf2 Qf7 25.Rfe1 h5 26.d5 h4 27.dxe6 Rxd1 28.Rxd1 Qxe6 29.Bxg7 hxg3
30.hxg3 Re7 31.Bd4 Nxc4 32.Kg1 Rh7 33.Qc2 Rd7 34.Bxc4 Qd6 35.Bb3 f4 36.Qf5 c5
37.Bxc5  1-0

[Event "Czech Open GMA"]
[Site "Pardubice CZE"]
[Date "2007.07.26"]
[Round "7"]
[White "Bucinskas,V"]
[Black "Kovacevic,Bl"]
[Result "0-1"]
[WhiteElo "2311"]
[BlackElo "2457"]

1.e4 d5 2.exd5 Qxd5 3.Nc3 Qd6 4.d4 Nf6 5.Nf3 c6 6.g3 Bg4 7.Bg2 e6 8.O-O Be7
9.Re1 O-O 10.h3 Bxf3 11.Bxf3 Rd8 12.Be3 Na6 13.Ne4 Qd7 14.Nxf6+ Bxf6 15.c3 Nc7
16.Qc2 Nd5 17.Bd2 Qc7 18.Rad1 Rd7 19.Be4 h6 20.Bc1 Rad8 21.Rd3 Be7 22.Red1 Nf6
23.Bf3 Nd5 24.Kg2 Bf6 25.Be4 a5 26.a3 b5 27.Qb3 a4 28.Qc2 c5 29.dxc5 Qxc5
30.Qe2 Qc4 31.Qf3 Be5 32.R3d2 Qc5 33.Bd3 Nb6 34.Be4 Rxd2 35.Rxd2 Rxd2 36.Bxd2 Nc4
37.Bc1 Bd6 38.Bc2 Bf8 39.Qb7 g6 40.Qa8 h5 41.Be4 Kg7 42.h4 Nb6 43.Qa7 Nc4
44.Qa8 Nb6 45.Qe8 Nc4 46.Qd8 Kh7 47.Qf6 Nd6 48.Bf3 Kg8 49.Be3 Qf5 50.Qd8 Nc4
51.Bc1 Kg7 52.Qd4+ Kh7 53.Be4 Qc5 54.Qf6 Kg8 55.Qd8 Kg7 56.Bf3 Kh7 57.Kf1 Qf5
58.Kg2 Ne5 59.Qa8 Nd3 60.Be3 Bh6 61.Bxh6 Kxh6 62.Qf8+ Kh7 63.Bc6 Qxf2+ 64.Kh3 Ne5
65.Bg2 Qf5+ 66.Kh2 Ng4+ 67.Kh3 Ne3+ 68.Kh2 Qf2 69.Qa8 Ng4+  0-1

[Event "Open NK"]
[Site "Dieren NED"]
[Date "2007.07.28"]
[Round "5"]
[White "Barendse,T"]
[Black "Niemi,M"]
[Result "0-1"]
[WhiteElo "2219"]
[BlackElo "2149"]

1.e4 d5 2.exd5 Qxd5 3.Nc3 Qd6 4.d4 Nf6 5.Nf3 a6 6.g3 Bg4 7.Bg2 Nc6 8.Bf4 Qb4
9.h3 Bh5 10.O-O O-O-O 11.a3 Qc4 12.g4 Bg6 13.Ne5 Qxd4 14.Nxc6 bxc6 15.Qe2 Qb6
16.Qc4 Rd4 17.Qxc6 Qxc6 18.Bxc6 Rxf4 19.Rad1 e6  0-1

[Event "Open NK"]
[Site "Dieren NED"]
[Date "2007.07.28"]
[Round "5"]
[White "Van den Dikkenberg,E"]
[Black "Heemskerk,W"]
[Result "1/2-1/2"]
[WhiteElo "2135"]
[BlackElo "2237"]

1.e4 d5 2.exd5 Qxd5 3.Nc3 Qd8 4.Nf3 Nf6 5.Bc4 c6 6.d4 b5 7.Bb3 e6 8.Qe2 Be7
9.Bg5 O-O 10.Ne4 Nbd7 11.Nxf6+ Bxf6 12.Bxf6 Qxf6 13.O-O Rb8 14.c3 c5 15.Bc2 Bb7
16.Be4 b4 17.Bxb7 Rxb7 18.dxc5 bxc3 19.bxc3 Nxc5 20.Rac1 Rc8 21.h3 Rbc7 22.Qe3 h6
23.Nd4 a6 24.Ne2 Rd7 25.Rfd1 Qd8 26.Rxd7 Qxd7 27.Qd4 Qc7 28.Ng3 Rd8 29.Qe3 Rd3
30.Qe2 Qd6 31.Qg4 Qe5 32.Qh4 Kh7 33.Qd4 Rd2 34.Rf1 Qd5 35.Qg4 Nd3 36.Nh5 Qg5
37.Qf3 f5 38.Ng3 Ne5 39.Qb7 Rxa2 40.Qb3 Ra5 41.Qxe6 Ng6 42.Rb1 f4 43.Ne4 Qe5  1/2-1/2

[Event "Czech Open GMA"]
[Site "Pardubice CZE"]
[Date "2007.07.28"]
[Round "9"]
[White "Huschenbeth,N"]
[Black "Stark,L"]
[Result "1/2-1/2"]
[WhiteElo "2306"]
[BlackElo "2430"]

1.e4 d5 2.exd5 Qxd5 3.Nc3 Qd6 4.d4 Nf6 5.Nf3 c6 6.Bc4 Bg4 7.Be3 Nbd7 8.Qd2 e6
9.Bf4 Qb4 10.Bb3 Nd5 11.Ne5 Nxf4 12.Qxf4 Nxe5 13.Qxe5 O-O-O 14.h3 Bd6 15.Qe3 Bh5
16.Qg5 Bg6 17.O-O-O Be7 18.Qf4 Bf6 19.a3 Qb6 20.Na4 Qc7 21.Qe3 Kb8 22.f4 h5
23.g3 Bf5 24.Nc5 Rhg8 25.h4 Qa5 26.Bc4 g6 27.b4 Qc7 28.c3 Be7  1/2-1/2

[Event "Arximiro Penide Cedeira Mem"]
[Site "Arteixo ESP"]
[Date "2007.07.29"]
[Round "5"]
[White "Dimitrov,Vl"]
[Black "De Prado Rodriguez,O"]
[Result "1/2-1/2"]
[WhiteElo "2452"]
[BlackElo "2208"]

1.e4 d5 2.exd5 Qxd5 3.Nc3 Qd8 4.d4 Nf6 5.Bg5 h6 6.Bh4 c6 7.Bc4 Bf5 8.Nf3 e6
9.Ne5 Be7 10.g4 Bh7 11.Qe2 Nd5 12.Bg3 O-O 13.O-O Qb6 14.Bb3 Qxd4 15.Rad1 Nxc3
16.bxc3 Qe4 17.Qd2 Bg5 18.f4 Qxe5 19.fxe5 Bxd2 20.Rxd2 Na6 21.Rd7  1/2-1/2

[Event "29th Politiken Cup"]
[Site "Copenhagen DEN"]
[Date "2007.07.29"]
[Round "10"]
[White "Schmied,A"]
[Black "Pedersen,HB"]
[Result "1/2-1/2"]
[WhiteElo "2054"]
[BlackElo "2187"]

1.e4 d5 2.exd5 Qxd5 3.Nc3 Qd6 4.d4 Nf6 5.Nf3 c6 6.g3 Bg4 7.Bg2 e6 8.O-O Be7
9.Re1 Nbd7 10.Ne4 Nxe4 11.Rxe4 Nf6 12.Re1 O-O 13.c3 Rad8  1/2-1/2

[Event "Sun Pawn Open"]
[Site "Ilichevsk UKR"]
[Date "2007.07.29"]
[Round "9"]
[White "Khaetsky,R"]
[Black "Miljutin,O"]
[Result "1-0"]
[WhiteElo "2379"]
[BlackElo "2167"]

1.e4 d5 2.exd5 Qxd5 3.Nc3 Qd6 4.d4 Nf6 5.Bg5 Nc6 6.d5 Nb4 7.Bb5+ Bd7 8.Bxd7+ Qxd7
9.Bxf6 gxf6 10.a3 Na6 11.Qf3 h5 12.h3 Nc5 13.Nge2 O-O-O 14.a4 Qd6 15.O-O Qe5
16.b4 Nd7 17.a5 a6 18.b5 Qd6 19.Ne4 Qxd5 20.bxa6 bxa6 21.Nd6+ Qxd6 22.Rfd1 Nb8
23.Rxd6 cxd6 24.Rb1  1-0

[Event "IGM"]
[Site "Stara Pazova SRB"]
[Date "2007.07.29"]
[Round "6"]
[White "Berescu,A"]
[Black "Matovic,P"]
[Result "1-0"]
[WhiteElo "2511"]
[BlackElo "2203"]

1.e4 d5 2.exd5 Qxd5 3.Nc3 Qd6 4.d4 Nf6 5.Nf3 g6 6.Ne5 c6 7.Bf4 Qb4 8.a3 Qa5
9.Bc4 e6 10.Qf3 Nbd7 11.Bd2 Qd8 12.Ne4 Bg7 13.Nd6+  1-0

[Event "Sun Pawn Open"]
[Site "Ilichevsk UKR"]
[Date "2007.07.30"]
[Round "10"]
[White "Ivanets,S"]
[Black "Smirnov,I UKR"]
[Result "0-1"]
[WhiteElo "2208"]
[BlackElo "2423"]

1.e4 d5 2.exd5 Qxd5 3.Nc3 Qd6 4.d4 Nf6 5.Nf3 c6 6.Ne5 Nbd7 7.Bf4 Nd5 8.Nxd5 Qxd5
9.Be2 Nxe5 10.Bxe5 Qxg2 11.Bf3 Qg6 12.Qe2 Qe6 13.d5 cxd5 14.O-O-O f6 15.Rxd5 fxe5
16.Rhd1 Qf6 17.Rd8+ Kf7 18.Bd5+ e6 19.Bb3 g6 20.Kb1 Be7 21.R8d3 Kg7 22.Rf3 Qg5
23.Rg3 Qf5 24.Rf3 Qh5 25.Qe4 Rf8 26.Rfd3 a5 27.a4 Ra6 28.Rd7 Rf7 29.Ka2 Bxd7
30.Rxd7 Rd6 31.Rxb7 Bf8 32.Rb5 Qxh2 33.Rxe5 Qf4 34.Qe1 Qd2 35.Qe4 Qd4 36.Qe1 Rxf2
37.Qxa5 Rf5  0-1

[Event "Sun Pawn Open"]
[Site "Ilichevsk UKR"]
[Date "2007.07.31"]
[Round "11"]
[White "Pivovartsev,S"]
[Black "Miljutin,O"]
[Result "1/2-1/2"]
[WhiteElo "2195"]
[BlackElo "2167"]

1.e4 d5 2.exd5 Qxd5 3.Nc3 Qd6 4.d4 Nf6 5.Nf3 a6 6.Bd3 Bg4 7.Ne4 Nxe4 8.Bxe4 Nc6
9.Be3 f5 10.Bxc6+ Qxc6 11.d5 Qd6 12.Qd4 Bxf3 13.gxf3 e5 14.dxe6 Qxd4 15.Bxd4 O-O-O
16.O-O-O Re8 17.Rhe1 Bd6 18.Bxg7 Rhg8 19.Bc3 Rg6 20.h4 Rexe6 21.h5 Rxe1 22.Rxe1 Rg5
23.h6 Kd7 24.Kd1 Rg2 25.Ke2 Bc5 26.Rd1+ Ke6 27.Bd4 Bxd4 28.Rxd4 Rh2 29.Rb4 b6
30.Rc4 Kd6 31.Rd4+ Ke6 32.Rd8 Rxh6 33.Re8+ Kf7 34.Rc8 Rc6 35.c3 a5 36.Ke3 Rc4
37.Kd3 Rc6 38.b4 axb4 39.cxb4 Kg7 40.Kd4 h5 41.Ke5 h4 42.Kxf5 h3 43.Re8 Rf6+
44.Kg4 h2 45.Re7+ Kg8 46.Re1 Rg6+ 47.Kh3 Rg1 48.Re8+ Kf7 49.Kxh2 Rb1 50.Rc8 Rxb4
51.Rxc7+ Kf6 52.Kg3 Rb2 53.Ra7 Kg5 54.Ra4 b5 55.Ra5 Kf6 56.f4 Ke6 57.f5+ Kf6
58.f3 Rb4 59.a3 Rb2 60.Kf4 b4 61.Ra6+ Kf7 62.axb4 Rxb4+ 63.Kg5 Rb7 64.f4 Rc7
65.Rh6 Kg8 66.f6 Rc1 67.Kg6 Rg1+ 68.Kf5 Ra1 69.Rg6+ Kf7 70.Rg7+ Kf8 71.Rb7 Ra2
72.f7 Ra1 73.Ke5 Ra5+ 74.Ke4 Ra4+ 75.Kf3 Ra3+ 76.Kg4 Ra5 77.f5 Ra4+ 78.Kg5 Ra6
79.Rc7 Rb6 80.Rd7 Ra6 81.Rb7 Rc6 82.f6 Rc5+  1/2-1/2

[Event "Arximiro Penide Cedeira Mem"]
[Site "Arteixo ESP"]
[Date "2007.08.01"]
[Round "9"]
[White "Berbatov,K"]
[Black "De Prado Rodriguez,O"]
[Result "0-1"]
[WhiteElo "2096"]
[BlackElo "2208"]

1.e4 d5 2.exd5 Qxd5 3.Nc3 Qd8 4.d4 Nf6 5.Bc4 c6 6.Nf3 Bf5 7.O-O e6 8.Ne5 Be7
9.Bg5 Nbd7 10.Qe2 O-O 11.Rad1 Nxe5 12.dxe5 Nd5 13.Bxe7 Qxe7 14.Ne4 Qb4 15.c3 Nf4
16.cxb4 Nxe2+ 17.Bxe2 Bxe4 18.Rd7 Rab8 19.f4 Rfd8 20.Rfd1 Bd5 21.Rxd8+ Rxd8
22.Kf2 Kf8 23.a3 Ke7 24.h4 f6 25.exf6+ gxf6 26.g4 h6 27.Ke3 Ra8 28.Bd3 Rg8
29.Rg1 Kd6 30.h5 e5 31.Bg6 Ra8 32.Rf1 a5 33.bxa5 Rxa5 34.g5 exf4+ 35.Rxf4 fxg5
36.Rf8 Ra4 37.Rh8 Rh4 38.Rxh6 Rh3+ 39.Kf2 Ke5 40.Rh8 g4 41.Re8+ Kf4 42.Rf8+ Kg5
43.Rf5+ Kh6 44.Ke2 g3 45.Rf1 g2 46.Rg1 Rb3 47.Kf2 Rxb2+ 48.Kg3 Rb3+ 49.Kh2 Rxa3
50.Re1 Ra4 51.Kg3 b5 52.Be8 Re4  0-1

[Event "Proclient Cup IMA"]
[Site "Olomouc CZE"]
[Date "2007.08.01"]
[Round "1"]
[White "Nilsson,S"]
[Black "Chytilek,R"]
[Result "1-0"]
[WhiteElo "2218"]
[BlackElo "2396"]

1.e4 d5 2.exd5 Qxd5 3.Nc3 Qd6 4.d4 Nf6 5.Nf3 a6 6.g3 Bg4 7.Bg2 Nc6 8.O-O O-O-O
9.d5 Ne5 10.Bf4 Bxf3 11.Bxf3 Nxf3+ 12.Qxf3 Qc5 13.Rfd1 g6 14.Rab1 Bg7 15.Be3 Qd6
16.b4 Nd7 17.Bf4 Qf6 18.Ne4 Qf5 19.b5 Ne5 20.Qe2 Qg4 21.Qe3 Nf3+ 22.Kh1 axb5
23.Rd3 e5 24.Ra3 Nd4 25.Ra8+ Kd7 26.Nc5+ Ke7 27.Bg5+ f6 28.Qxe5+ Ne6 29.Nxe6 Qf3+
30.Kg1 Rxd5 31.Qxc7+ Kxe6 32.Re1+ Re5 33.Rxe5+ fxe5 34.Qe7+ Kf5 35.Ra3 Qd1+
36.Kg2 Rf8 37.Qxg7 Qd5+ 38.Rf3+ Kxg5 39.Qxf8 e4 40.Qf4+  1-0

[Event "IGM"]
[Site "Stara Pazova SRB"]
[Date "2007.08.01"]
[Round "10"]
[White "Skoko,Mil"]
[Black "Matovic,P"]
[Result "0-1"]
[WhiteElo "2259"]
[BlackElo "2203"]

1.e4 d5 2.exd5 Qxd5 3.Nc3 Qd6 4.d4 Nf6 5.Nf3 Bg4 6.h3 Bxf3 7.Qxf3 c6 8.Be3 e6
9.O-O-O Be7 10.g4 Nbd7 11.Bg2 Nd5 12.Ne4 Qb4 13.Bd2 Qa4 14.Qb3 Qxb3 15.axb3 O-O-O
16.c4 N5f6 17.f3 h5 18.g5 Ne8 19.h4 Nf8 20.Be3 Nd6 21.Rhf1 Nf5 22.Bf2 Ng6
23.Bh3 Nf4 24.Bxf5 exf5 25.Nc3 Rhe8 26.d5 Bb4 27.Bxa7 Bxc3 28.bxc3 cxd5 29.cxd5 Rxd5
30.Rxd5 Nxd5 31.Bd4 g6 32.Kd2 Kc7 33.c4 Nf4 34.Rf2 Kc6 35.Be3 Rd8+ 36.Kc2 Nd3
37.Re2 b5 38.f4 Rd7 39.Kc3 b4+ 40.Kc2 Rd6 41.Rd2 Ne1+ 42.Kd1 Nd3 43.Kc2 Ne1+
44.Kd1 Re6 45.Re2 Nf3 46.Bd2 Nd4 47.Rf2 Nxb3 48.Bxb4 Re4 49.Kc2 Nd4+ 50.Kd3 Ne6
51.Bd2 Nc5+ 52.Kc2 Rxc4+ 53.Kd1 Kd5 54.Rf3 Ne6 55.Rd3+ Rd4 56.Ke2 Nc5 57.Rxd4+ Kxd4
58.Be3+ Kc4 59.Kf3 Ne6 60.Bb6 Kd3 61.Ba7 Nd4+ 62.Kf2 Ke4 63.Bb8 Nf3 64.Kg3 Ke3
65.Ba7+ Ke2 66.Bb6 Nd2 67.Ba7 Kf1 68.Be3 Ke2 69.Ba7 Ne4+ 70.Kg2 f6 71.gxf6 Nxf6
72.Bc5 Kd3 73.Kf3 Nd5 74.Ba7 Nf6 75.Bb6 Ne4 76.Be3 Nd2+ 77.Kf2 Nc4 78.Ba7 Ke4
79.Bb8 Nb6 80.Kg3 Nd5 81.Bd6 Nc3 82.Kf2 Kd3 83.Kf3 Ne4 84.Bb8 Kd2 85.Ba7 Ke1
86.Bb6 Kf1 87.Ba7 Ke1 88.Ke3 Nf2 89.Kf3 Ng4 90.Bd4 Kf1 91.Bb6 Ke1 92.Bd4 Kd2
93.Ba7 Kd3 94.Bb6 Nf6 95.Ba7 Nd5 96.Bc5 Nc3 97.Ba7 Ne2 98.Bb8 Nd4+ 99.Kf2 Ke4
100.Bd6 Ne6 101.Kg3 Ke3 102.Bb8 Nd4 103.Ba7 Ke4 104.Bb8 Ne2+ 105.Kf2 Nxf4
106.Kg3 Nd3  0-1

[Event "US Open"]
[Site "Cherry Hill USA"]
[Date "2007.08.04"]
[Round "8"]
[White "Liu,E"]
[Black "Rinaldo,J"]
[Result "1/2-1/2"]
[WhiteElo "2260"]
[BlackElo "2039"]

1.e4 d5 2.exd5 Qxd5 3.Nc3 Qd6 4.d4 Nf6 5.Nge2 Bg4 6.h3 Bxe2 7.Nxe2 Nc6 8.c3 O-O-O
9.Be3 Nd5 10.Qd2 e5 11.O-O-O Qe6 12.Kb1 Be7 13.Qc2 Bf6 14.g4 exd4 15.Nxd4 Nxd4
16.Bxd4 Bxd4 17.cxd4 Nb4  1/2-1/2

[Event "Arctic Chess Challenge"]
[Site "Tromso NOR"]
[Date "2007.08.05"]
[Round "2"]
[White "Lie,K"]
[Black "Unander,M"]
[Result "1-0"]
[WhiteElo "2536"]
[BlackElo "2149"]

1.e4 d5 2.exd5 Qxd5 3.Nc3 Qd6 4.g3 Nf6 5.Bg2 c6 6.Nf3 Bg4 7.h3 Bh5 8.O-O e6
9.d4 Be7 10.Re1 O-O 11.a3 a5 12.g4 Bg6 13.Ne5 Rd8 14.Ne2 Qc7 15.Nf4 Nbd7
16.Nexg6 hxg6 17.g5 Nh7 18.h4 Bd6 19.Nd3 c5 20.dxc5 Nxc5 21.Be3 Rd7 22.Qf3 Rad8
23.Nf4 Be5 24.Rab1 Bd4 25.Bc1 Nf8 26.Bh3 Re7 27.Ne2 e5 28.Ng3 e4 29.Qg4 Rde8
30.Be3 Bxe3 31.Rxe3 Nfd7 32.Bg2 Ne5 33.Qe2 Nc6 34.Re1 Qf4 35.Qc4 Re5 36.Nxe4 b5
37.Nf6+ Qxf6 38.Qxc5 Qf4 39.Qxc6 Rxe3 40.fxe3 Rxe3 41.Rxe3 Qxe3+ 42.Kf1 Qc1+
43.Ke2 Qxb2 44.Be4  1-0

[Event "HZ Open"]
[Site "Vlissingen NED"]
[Date "2007.08.05"]
[Round "2"]
[White "Dhar,S"]
[Black "Tiviakov,S"]
[Result "0-1"]
[WhiteElo "2142"]
[BlackElo "2648"]

1.e4 d5 2.exd5 Qxd5 3.Nc3 Qd6 4.d4 c6 5.Nf3 Nf6 6.Bg5 Bg4 7.Be2 Nbd7 8.Qd2 e6
9.Bf4 Qb4 10.O-O Be7 11.a3 Qa5 12.h3 Bh5 13.Rfe1 O-O 14.g4 Bg6 15.Ne5 Nxe5
16.Bxe5 Rad8 17.Bf3 Nd7 18.Qe2 Nxe5 19.dxe5 Qb6 20.Na4 Qd4 21.b3 Qf4 22.c4 Rd3  0-1

[Event "12th WY U16 Ol"]
[Site "Singapore SIN"]
[Date "2007.08.06"]
[Round "3"]
[White "Swayams,M"]
[Black "Petursson,Mat"]
[Result "1-0"]
[WhiteElo "2186"]
[BlackElo "1919"]

1.e4 d5 2.exd5 Qxd5 3.Nc3 Qd6 4.d4 Nf6 5.Nf3 a6 6.Be3 b5 7.Qd2 Bb7 8.Bf4 Qb6
9.Ne5 e6 10.f3 c5 11.dxc5 Bxc5 12.Nd3 Be7 13.Be3 Qc7 14.Qf2 Nbd7 15.a3 O-O
16.Be2 Nd5 17.Nxd5 Bxd5 18.Rc1 Bd6 19.g3 Rac8 20.O-O Ne5 21.Nxe5 Bxe5 22.Bd4 Bxd4
23.Qxd4 Rfd8 24.Qe3 Qb7 25.Rfd1 Rd7 26.Rd2 Rdc7 27.Kf2 h6 28.Bd3 Rc5 29.Rcd1 Qc7
30.Re1 Qe7 31.c3 Qb7 32.Bc2 a5 33.Rd4 Qc6 34.Red1 Rb8 35.Rg4 Kh8 36.Rxg7 Kxg7
37.Qe5+ Kf8 38.Qxb8+ Kg7 39.Qf4 Qb6 40.Rd4 Rc4 41.Bd3 Rxd4 42.Qxd4+ Qxd4+
43.cxd4 Bc6 44.Be4 Be8 45.Ke3 Kf8  1-0

[Event "Arctic Chess Challenge"]
[Site "Tromso NOR"]
[Date "2007.08.06"]
[Round "3"]
[White "Unander,M"]
[Black "Jensen,Paul"]
[Result "1/2-1/2"]
[WhiteElo "2149"]
[BlackElo "1879"]

1.e4 d5 2.exd5 Qxd5 3.Nc3 Qd8 4.d4 Nf6 5.Nf3 c6 6.Bc4 Bf5 7.Ne5 e6 8.g4 Be4
9.Nxe4 Nxe4 10.Qf3 Nd6 11.Be3 Qf6 12.Qe2 Nxc4 13.Nxc4 Nd7 14.h4 h5 15.O-O-O hxg4
16.Qxg4 Qf5 17.Qg3 Qd5 18.b3 a5 19.Qg5 Rh5  1/2-1/2

[Event "Tsiolkovsky Mem"]
[Site "Kaluga RUS"]
[Date "2007.08.07"]
[Round "5"]
[White "Zhelnin,V"]
[Black "Kovalenko,I"]
[Result "1/2-1/2"]
[WhiteElo "2433"]
[BlackElo "2413"]

1.e4 d5 2.exd5 Qxd5 3.Nc3 Qd6 4.d4 Nf6 5.Bc4 Bg4 6.Nge2 Nc6 7.f3 Bf5 8.Bf4 e5
9.dxe5 Nxe5 10.Bb3 O-O-O 11.Qxd6 Bxd6 12.O-O-O Nfd7 13.Nb5 Bc5 14.Rd5 Rhe8
15.Rhd1 a6 16.Nbc3 Be6 17.R5d2 Bxb3 18.cxb3 Ng6 19.Nd5 Nxf4 20.Nexf4 c6 21.Rc2 Ba7
22.Nd3 Ne5 23.Nxe5 Rxe5 24.Nc3 Be3+ 25.Kb1 Rxd1+ 26.Nxd1 Bg1 27.h3 Re1 28.Rc1 Bd4
29.Nc3 Rxc1+ 30.Kxc1 f5 31.Kc2 Kd7 32.Ne2 Be5 33.b4 Kd6 34.b3 c5 35.bxc5+ Kxc5
36.a4 Kd5 37.Kd3 g5 38.g4  1/2-1/2

[Event "Open"]
[Site "Callao PER"]
[Date "2007.08.08"]
[Round "1"]
[White "Calizaya,M"]
[Black "Uria,J"]
[Result "1-0"]
[WhiteElo "2125"]
[BlackElo "2304"]

1.e4 d5 2.exd5 Qxd5 3.Nc3 Qd6 4.d4 Nf6 5.Bc4 a6 6.Nge2 Qc6 7.Bb3 Qxg2 8.Rg1 Qxh2
9.Bf4 Qh5 10.Bxc7 Bg4 11.Qd3 Nbd7 12.O-O-O Rc8 13.Bf4 Qa5 14.Rxg4 Nxg4 15.Qf3 Ngf6
16.Qxb7 Kd8 17.Bxf7 Qb6 18.Qxb6+ Nxb6 19.d5 g5 20.Bxg5 h5 21.Kb1 Bh6 22.Bh4 Rf8
23.Be6 Rc4 24.Nd4 Na4 25.Nxa4 Rxa4 26.Bxf6 Ke8 27.b3 Rb4 28.a3 Rb6 29.Be5 Rxf2
30.Rh1  1-0

[Event "UTwente YM"]
[Site "Hengelo NED"]
[Date "2007.08.08"]
[Round "4"]
[White "Brandenburg,D"]
[Black "Lysyj,I"]
[Result "1/2-1/2"]
[WhiteElo "2433"]
[BlackElo "2578"]

1.e4 d5 2.exd5 Qxd5 3.Nc3 Qd6 4.d4 Nf6 5.Nf3 c6 6.Ne5 Nbd7 7.Nc4 Qc7 8.Qf3 Nb6
9.Bf4 Qd7 10.O-O-O Qg4 11.Qxg4 Bxg4 12.f3 Be6 13.Nxb6 axb6 14.Bc7 b5 15.d5 Bd7
16.a3 e6 17.dxe6 fxe6 18.Ne4 Nxe4 19.fxe4 b4 20.axb4 Ra1+ 21.Kd2 Bxb4+ 22.c3 Rxd1+
23.Kxd1 Be7  1/2-1/2